000 01199nam a2200301 i 4500
003 EG-ScBUE
005 20250521081719.0
008 250429s2005 e a f b 000 0 eng d
020 _a0521838991 (alk. paper)
020 _a9780521838993
040 _aEG-ScBUE
_beng
_erda
_cEG-ScBUE
_dEG-ScBUE
082 0 4 _a532.0527015118
_222
_bPRE
245 0 0 _aPrediction of turbulent flows /
_cedited by G. F. Hewitt and J. C. Vassilicos, Imperial College, London.
264 1 _aCambridge :
_bCambridge University Press,
_c2005.
300 _av, 343 pages :
_billustrations (some color) ;
_c26 cm
336 _2rdacontent
_atext
_btxt
337 _aunmediated
_2rdamedia
_bn
338 _avolume
_bnc
_2rdacarrier
504 _aIncludes bibliographical references.
650 7 _aTurbulence
_xMathematical models.
_2BUEsh
650 7 _aUnsteady flow (Fluid dynamics)
_xMathematical models.
_2BUEsh
655 _vReading book
700 1 _aHewitt, G. F.,
_eeditor.
700 1 _aVassilicos, J. C.,
_eeditor.
856 4 1 _3Table of contents
_uhttp://www.loc.gov/catdir/toc/cam051/2004054471.html
856 4 1 _3Publisher description
_uhttp://www.loc.gov/catdir/description/cam051/2004054471.html
942 _cBB
_2ddc
999 _c169
_d169